[Event "17th Mikhail Chigorin Memorial"]
[Site "Sochi URS"]
[Date "1983.??.??"]
[Round "?"]
[White "Chekhov, Valery"]
[Black "Dvoirys, Semen"]
[WhiteElo "2530"]
[BlackElo "2485"]
[Result "1/2-1/2"]
[EventDate "1983.08.17"]
[PlyCount "56"]

1. Nf3 Nf6 2. c4 c5 3. g3 b6 4. Bg2 Bb7 5. O-O g6 6. Nc3 Bg7 7. d4 cxd4 8. Nxd4 Bxg2 9. Kxg2 Nc6 10. Nc2 O-O 11. e4 Ne8 12. Bd2 Nd6 13. b3 Qc8 14. Qe1 Qb7 15. f3 f5 16. Rd1 Ne5 17. exf5 Nxf5 18. Qe4 Qxe4 19. Nxe4 Rac8 20. Bc3 Nxc4 21. bxc4 Bxc3 22. g4 Nd6 23. Nxd6 exd6 24. Rxd6 Rxc4 25. Rxd7 Be5 26. Rf2 Rf7 27. Rd5 Bf4 28. Re2 Rcc7 1/2-1/2

[Event "17th Mikhail Chigorin Memorial"]
[Site "Sochi URS"]
[Date "1983.??.??"]
[Round "?"]
[White "Chekhov, Valery"]
[Black "Panchenko, Alexander"]
[WhiteElo "2530"]
[BlackElo "2485"]
[Result "1/2-1/2"]
[EventDate "1983.08.17"]
[PlyCount "33"]

1. c4 e6 2. Nc3 d5 3. d4 Nf6 4. Bg5 c6 5. e3 Nbd7 6. cxd5 exd5 7. Bd3 Be7 8. Qc2 O-O 9. Nge2 Re8 10. O-O Nf8 11. Rab1 a6 12. b4 Bd6 13. Bf5 g6 14. Bxc8 Rxc8 15. Kh1 Ne6 16. Bh4 Ng7 17. Bg3 1/2-1/2

[Event "17th Mikhail Chigorin Memorial"]
[Site "Sochi URS"]
[Date "1983.??.??"]
[Round "?"]
[White "Chekhov, Valery"]
[Black "Sokolov, Andrei"]
[WhiteElo "2530"]
[BlackElo "2450"]
[Result "1/2-1/2"]
[EventDate "1983.08.17"]
[PlyCount "41"]

1. Nf3 Nf6 2. c4 e6 3. Nc3 b6 4. g3 c5 5. Bg2 Bb7 6. O-O Be7 7. d4 cxd4 8. Qxd4 d6 9. Bg5 a6 10. Bxf6 Bxf6 11. Qd3 Ra7 12. Nd4 Bxg2 13. Kxg2 O-O 14. Rad1 Qc8 15. Ne4 Be7 16. f4 Nd7 17. b3 g6 18. Nf3 Nc5 19. Nxc5 Qxc5 20. a4 b5 21. cxb5 1/2-1/2

[Event "17th Mikhail Chigorin Memorial"]
[Site "Sochi URS"]
[Date "1983.??.??"]
[Round "?"]
[White "Chekhov, Valery"]
[Black "Tseshkovsky, Vitaly"]
[WhiteElo "2530"]
[BlackElo "2525"]
[Result "0-1"]
[EventDate "1983.08.17"]
[PlyCount "56"]

1. Nf3 Nf6 2. c4 c5 3. g3 g6 4. Nc3 Bg7 5. Bg2 O-O 6. O-O Nc6 7. d4 d6 8. d5 Na5 9. Nd2 a6 10. Qc2 Rb8 11. b3 b5 12. Bb2 e5 13. dxe6 Bxe6 14. cxb5 axb5 15. Nce4 Bf5 16. Nxf6+ Bxf6 17. Ne4 Bxb2 18. Qxb2 Bxe4 19. Bxe4 d5 20. Rfd1 d4 21. Rac1 Qb6 22. b4 Nc4 23. Qb3 cxb4 24. Qxb4 Rfe8 25. Bf3 Qf6 26. a4 Ne5 27. Qxd4 Nxf3+ 28. exf3 Re1+ 0-1

[Event "17th Mikhail Chigorin Memorial"]
[Site "Sochi URS"]
[Date "1983.??.??"]
[Round "?"]
[White "Dvoirys, Semen"]
[Black "Inkiov, Ventzislav"]
[WhiteElo "2485"]
[BlackElo "2500"]
[Result "1/2-1/2"]
[EventDate "1983.08.17"]
[PlyCount "92"]

1. e4 c5 2. Nf3 d6 3. d4 cxd4 4. Nxd4 Nf6 5. Nc3 Nc6 6. Bg5 e6 7. Qd2 Be7 8. O-O-O O-O 9. f4 Nxd4 10. Qxd4 Qa5 11. e5 dxe5 12. Qxe5 Qxe5 13. fxe5 Nd5 14. Bxe7 Nxe7 15. Bd3 b6 16. Be4 Rb8 17. Nb5 Bb7 18. Rhe1 Bxe4 19. Rxe4 Nc6 20. Rd3 Rfd8 21. Rc3 Rd5 22. Rxc6 Rxb5 23. Rc7 a5 24. c4 Rc5 25. Rxc5 bxc5 26. Re3 a4 27. Kc2 Kf8 28. Ra3 Rb4 29. Kc3 f6 30. b3 axb3 31. axb3 Rb7 32. Ra8+ Kf7 33. Rc8 fxe5 34. Rxc5 Kf6 35. b4 e4 36. b5 Rd7 37. Rc8 Ke5 38. Ra8 Rd3+ 39. Kc2 Rd4 40. Kc3 Rd3+ 41. Kc2 Rd4 42. Kb3 Rd3+ 43. Kb4 Rd1 44. Kc3 Rd3+ 45. Kc2 Rd4 46. Kc3 Rd3+ 1/2-1/2

[Event "17th Mikhail Chigorin Memorial"]
[Site "Sochi URS"]
[Date "1983.??.??"]
[Round "?"]
[White "Dvoirys, Semen"]
[Black "Romanishin, Oleg"]
[WhiteElo "2485"]
[BlackElo "2575"]
[Result "1-0"]
[EventDate "1983.08.17"]
[PlyCount "79"]

1. e4 e5 2. Nf3 Nc6 3. Bb5 a6 4. Ba4 Nf6 5. O-O Be7 6. Re1 b5 7. Bb3 d6 8. c3 O-O 9. h3 Na5 10. Bc2 c5 11. d4 Nd7 12. Nbd2 cxd4 13. cxd4 Nc6 14. Nf1 exd4 15. Nxd4 Nxd4 16. Qxd4 Ne5 17. Qd1 Bf6 18. a4 b4 19. Ne3 Be6 20. Nd5 Bxd5 21. Qxd5 Rc8 22. Bb3 Nc6 23. Qd3 Bd4 24. Qxa6 Qf6 25. Re2 Ne5 26. Be3 Bxb2 27. Rd1 Nc6 28. Bd5 Ne7 29. Bb7 Rb8 30. Rxd6 Qe5 31. Rd7 Ng6 32. Qb5 Ba3 33. Bd4 Qe6 34. Re3 Bc1 35. Rf3 Bf4 36. a5 Be5 37. a6 Nh4 38. Qxe5 Nxf3+ 39. gxf3 Qg6+ 40. Kh2 1-0

[Event "17th Mikhail Chigorin Memorial"]
[Site "Sochi URS"]
[Date "1983.??.??"]
[Round "?"]
[White "Dvoirys, Semen"]
[Black "Sveshnikov, Evgeny"]
[WhiteElo "2485"]
[BlackElo "2515"]
[Result "1-0"]
[EventDate "1983.08.17"]
[PlyCount "71"]

1. d4 d5 2. c4 e6 3. Nc3 Nf6 4. Bg5 c6 5. Nf3 dxc4 6. e4 b5 7. e5 h6 8. Bh4 g5 9. Nxg5 hxg5 10. Bxg5 Nbd7 11. exf6 Bb7 12. g3 c5 13. d5 Qb6 14. Bg2 O-O-O 15. O-O b4 16. Na4 Qb5 17. a3 Nb8 18. axb4 cxb4 19. Qg4 Rxd5 20. Rfc1 c3 21. bxc3 Rxg5 22. cxb4+ Kd8 23. Qd4+ Rd5 24. Qxa7 Nc6 25. Qb6+ Qxb6 26. Nxb6 Rhh5 27. Bxd5 Rxd5 28. Nxd5 exd5 29. b5 Nd4 30. Ra7 Ne2+ 31. Kf1 Nxc1 32. Rxb7 Bd6 33. Rxf7 Nd3 34. h4 Ne5 35. Rg7 Nd7 36. Rg8+ 1-0

[Event "17th Mikhail Chigorin Memorial"]
[Site "Sochi URS"]
[Date "1983.??.??"]
[Round "?"]
[White "Geller, Efim"]
[Black "Makarichev, Sergey"]
[WhiteElo "2550"]
[BlackElo "2510"]
[Result "0-1"]
[EventDate "1983.08.17"]
[PlyCount "82"]

1. e4 c5 2. Nf3 d6 3. d4 cxd4 4. Nxd4 Nf6 5. Nc3 Nc6 6. Bg5 e6 7. Qd2 a6 8. O-O-O h6 9. Be3 Be7 10. f4 Qc7 11. Kb1 b5 12. Bd3 Bb7 13. Rhe1 O-O 14. g4 Nxd4 15. Bxd4 e5 16. Bg1 Nxg4 17. h3 Nf6 18. fxe5 dxe5 19. Bh2 Bb4 20. Rg1 Bxc3 21. Qxh6 Ne8 22. bxc3 f6 23. Rdf1 Qxc3 24. Qe3 Rf7 25. Bg3 Qb4+ 26. Ka1 Nd6 27. Be1 Qd4+ 28. Qxd4 exd4 29. Bf2 Bxe4 30. Bxd4 Bxd3 31. cxd3 Ne8 32. Bc5 Rd8 33. d4 Nc7 34. Re1 Rfd7 35. h4 Kf7 36. Rc1 Ne6 37. Bb6 Rh8 38. Rgd1 Nf4 39. Rc6 Rxh4 40. Ba5 Ng6 41. d5 Ra4 0-1

[Event "17th Mikhail Chigorin Memorial"]
[Site "Sochi URS"]
[Date "1983.??.??"]
[Round "?"]
[White "Geller, Efim"]
[Black "Sokolov, Andrei"]
[WhiteElo "2550"]
[BlackElo "2450"]
[Result "1/2-1/2"]
[EventDate "1983.08.17"]
[PlyCount "52"]

1. e4 c5 2. Nf3 e6 3. d4 cxd4 4. Nxd4 Nf6 5. Nc3 d6 6. Be2 Be7 7. O-O O-O 8. Be3 Nc6 9. f4 a6 10. a4 Re8 11. Kh1 Qc7 12. Bf3 Bf8 13. g4 Nxd4 14. Bxd4 e5 15. Bg1 exf4 16. g5 Nd7 17. Nd5 Qd8 18. Bg2 Re5 19. Rxf4 Rxg5 20. Qd2 Ne5 21. Bb6 Qd7 22. Raf1 h6 23. a5 Qc6 24. Qf2 Ng4 25. Qd2 Ne5 26. Qf2 Ng4 1/2-1/2

[Event "17th Mikhail Chigorin Memorial"]
[Site "Sochi URS"]
[Date "1983.??.??"]
[Round "?"]
[White "Geller, Efim"]
[Black "Suba, Mihai"]
[WhiteElo "2550"]
[BlackElo "2555"]
[Result "0-1"]
[EventDate "1983.08.17"]
[PlyCount "154"]

1. e4 c5 2. Nf3 d6 3. d4 Nf6 4. Nc3 cxd4 5. Nxd4 e6 6. Be2 Be7 7. O-O a6 8. f4 O-O 9. Bf3 Nc6 10. Be3 Qc7 11. Nxc6 bxc6 12. Na4 Bb7 13. c4 c5 14. Nc3 Nd7 15. Qd2 Nb8 16. f5 Nc6 17. fxe6 fxe6 18. Bg4 Bc8 19. Rxf8+ Bxf8 20. Rf1 Ne5 21. Qf2 Bd7 22. b3 Be7 23. Qg3 Rf8 24. Rxf8+ Kxf8 25. Bh5 Bf6 26. Bg5 Qd8 27. Qf4 Ke7 28. Bxf6+ gxf6 29. Qh6 Qg8 30. Kf2 Qg5 31. Qxg5 fxg5 32. Be2 Be8 33. Ke3 Bg6 34. Nb1 Nc6 35. Nc3 Nd4 36. Bd1 Kf6 37. a3 Nc6 38. Nb1 a5 39. Nd2 Ne5 40. Be2 Be8 41. Bd1 Bc6 42. h3 Be8 43. g3 Bg6 44. Be2 Bf7 45. Nf3 Nxf3 46. Bxf3 Ke5 47. Be2 Be8 48. Bf3 Bg6 49. h4 gxh4 50. gxh4 h6 51. a4 Bh7 52. Bg2 d5 53. exd5 Bc2 54. dxe6 Kxe6 55. Bc6 Bxb3 56. Kd3 Ke5 57. Bb5 Kf4 58. Be8 Bd1 59. Bd7 Bh5 60. Bc6 Bf7 61. Bb5 Bg6+ 62. Kd2 Ke4 63. Kc3 Ke3 64. Ba6 Ke2 65. Bb5 Kd1 66. Bc6 Kc1 67. Bd7 Kb1 68. Kb3 Bc2+ 69. Kc3 Bd1 70. Kd2 Bb3 71. Kc3 Ka2 72. Bc6 Ka3 73. Be4 Bxa4 74. Bf5 Ka2 75. Be4 Bb3 76. Bb1+ Kxb1 77. Kxb3 h5 0-1

[Event "17th Mikhail Chigorin Memorial"]
[Site "Sochi URS"]
[Date "1983.??.??"]
[Round "?"]
[White "Inkiov, Ventzislav"]
[Black "Geller, Efim"]
[WhiteElo "2500"]
[BlackElo "2550"]
[Result "1/2-1/2"]
[EventDate "1983.08.17"]
[PlyCount "149"]

1. d4 d5 2. c4 e6 3. Nf3 Nf6 4. g3 Be7 5. Bg2 O-O 6. O-O dxc4 7. Qc2 a6 8. Qxc4 b5 9. Qc2 Bb7 10. Bf4 Nc6 11. Nc3 Nb4 12. Qb1 Nbd5 13. Nxd5 Bxd5 14. Be5 Be4 15. Qc1 Rc8 16. Qf4 Qd5 17. Ne1 Bxg2 18. Nxg2 c5 19. Rfd1 Qb7 20. dxc5 Rxc5 21. Rac1 Rxc1 22. Qxc1 Rc8 23. Qb1 h6 24. Ne3 Ne4 25. f3 Bg5 26. Qxe4 Qxe4 27. fxe4 Bxe3+ 28. Kg2 f6 29. Bc3 Bc5 30. Rd3 Bf8 31. e5 b4 32. Bd4 f5 33. Rd2 Kf7 34. Kf3 Be7 35. e3 Rc1 36. Ke2 Ke8 37. Kd3 Kd7 38. e4 Bg5 39. Be3 Ke7 40. exf5 exf5 41. h4 Bxe3 42. Kxe3 Re1+ 43. Kf4 Rf1+ 44. Ke3 g5 45. hxg5 hxg5 46. Rd6 Rg1 47. Kf3 a5 48. Ra6 Ra1 49. Rxa5 b3 50. a4 Ra2 51. Rb5 Rxb2 52. a5 Ke6 53. a6 Ra2 54. Rxb3 Rxa6 55. Rb2 Ra3+ 56. Kf2 Ra6 57. Kf3 Rc6 58. Ra2 Kxe5 59. Ra5+ Kf6 60. Ra2 Rc3+ 61. Kf2 Rc6 62. Kf3 Kg6 63. Rb2 Rc3+ 64. Kg2 Kh5 65. Ra2 Rd3 66. Rb2 Rd6 67. Ra2 Kg6 68. Kf2 Kf6 69. Rb2 Rd3 70. Ra2 Ke5 71. Ra5+ Ke4 72. Ra4+ Rd4 73. Ra2 Rc4 74. Re2+ Kd5 75. Rd2+ 1/2-1/2

[Event "17th Mikhail Chigorin Memorial"]
[Site "Sochi URS"]
[Date "1983.??.??"]
[Round "?"]
[White "Inkiov, Ventzislav"]
[Black "Panchenko, Alexander"]
[WhiteElo "2500"]
[BlackElo "2485"]
[Result "1/2-1/2"]
[EventDate "1983.08.17"]
[PlyCount "39"]

1. d4 Nf6 2. c4 e6 3. Nc3 d5 4. Bg5 c6 5. e3 Nbd7 6. cxd5 exd5 7. Bd3 Be7 8. Qc2 O-O 9. Nf3 Re8 10. O-O Nf8 11. Rab1 Ng6 12. b4 a6 13. Bxf6 Bxf6 14. a4 a5 15. b5 Be7 16. bxc6 bxc6 17. Ne2 Bd7 18. Bf5 Bxf5 19. Qxf5 Bd6 20. Qc2 1/2-1/2

[Event "17th Mikhail Chigorin Memorial"]
[Site "Sochi URS"]
[Date "1983.??.??"]
[Round "?"]
[White "Inkiov, Ventzislav"]
[Black "Sokolov, Andrei"]
[WhiteElo "2500"]
[BlackElo "2450"]
[Result "1-0"]
[EventDate "1983.08.17"]
[PlyCount "93"]

1. e4 c5 2. Nf3 e6 3. d4 cxd4 4. Nxd4 Nf6 5. Nc3 d6 6. g3 Nc6 7. Bg2 Bd7 8. O-O Nxd4 9. Qxd4 Qc7 10. Re1 Be7 11. h3 O-O 12. a4 a6 13. Be3 Rac8 14. a5 Bc6 15. Qd2 Nd7 16. Bd4 Bf6 17. Red1 Rfd8 18. Be3 Nc5 19. Ra3 b5 20. b4 Nd7 21. Bd4 Bxd4 22. Qxd4 Ne5 23. f4 Nc4 24. Rb3 Qe7 25. Qf2 Bb7 26. g4 Rd7 27. Ne2 d5 28. e5 f6 29. exf6 Qxf6 30. Qd4 Nd6 31. Re3 Rxc2 32. Qxf6 gxf6 33. Nd4 Rb2 34. Rxe6 Ne4 35. Nf5 Rc7 36. Bxe4 dxe4 37. Rxf6 Bd5 38. Ne3 Bb3 39. Re1 Rf7 40. Rxa6 Rxf4 41. Rc1 Re2 42. Ra8+ Kf7 43. Ra7+ Kg6 44. Ng2 Rf7 45. Rxf7 Kxf7 46. Rf1+ Ke7 47. Rf2 1-0

[Event "17th Mikhail Chigorin Memorial"]
[Site "Sochi URS"]
[Date "1983.??.??"]
[Round "?"]
[White "Inkiov, Ventzislav"]
[Black "Suba, Mihai"]
[WhiteElo "2500"]
[BlackElo "2555"]
[Result "1-0"]
[EventDate "1983.08.17"]
[PlyCount "77"]

1. e4 c5 2. Nf3 d6 3. d4 Nf6 4. Nc3 cxd4 5. Nxd4 e6 6. g4 h6 7. Rg1 a6 8. Be3 b5 9. a3 Bb7 10. Bd3 Nbd7 11. h4 Nc5 12. g5 hxg5 13. hxg5 Nfxe4 14. Nxe4 Nxe4 15. g6 Nc5 16. gxf7+ Kd7 17. Be2 Bd5 18. Bf3 Bxf3 19. Qxf3 d5 20. Nxe6 Nxe6 21. Qxd5+ Ke7 22. Qe4 Qc8 23. O-O-O Kxf7 24. Qf5+ Kg8 25. Rg6 Nd8 26. Rd7 Rh1+ 27. Kd2 Qc4 28. Bd4 Rh7 29. b3 Qc8 30. Bb6 Rh5 31. Qg4 Nf7 32. Bd4 Rh7 33. Rb6 Qe8 34. Rbb7 g5 35. Qf5 Rd8 36. Qg6+ Rg7 37. Bxg7 Bxg7 38. Qxf7+ Qxf7 39. Rxd8+ 1-0

[Event "17th Mikhail Chigorin Memorial"]
[Site "Sochi URS"]
[Date "1983.??.??"]
[Round "?"]
[White "Ivkov, Borislav"]
[Black "Geller, Efim"]
[WhiteElo "2460"]
[BlackElo "2550"]
[Result "1/2-1/2"]
[EventDate "1983.08.17"]
[PlyCount "26"]

1. d4 Nf6 2. c4 e6 3. Nc3 d5 4. Nf3 Be7 5. Bg5 h6 6. Bxf6 Bxf6 7. e3 O-O 8. Bd3 c6 9. O-O Nd7 10. Rc1 dxc4 11. Bxc4 c5 12. Ne4 cxd4 13. Nxf6+ Qxf6 1/2-1/2

[Event "17th Mikhail Chigorin Memorial"]
[Site "Sochi URS"]
[Date "1983.??.??"]
[Round "?"]
[White "Ivkov, Borislav"]
[Black "Makarichev, Sergey"]
[WhiteElo "2460"]
[BlackElo "2510"]
[Result "1-0"]
[EventDate "1983.08.17"]
[PlyCount "77"]

1. Nf3 Nf6 2. c4 e6 3. g3 d5 4. Bg2 dxc4 5. Qa4+ Nbd7 6. O-O c5 7. Qxc4 b6 8. d4 Bb7 9. Nc3 Rc8 10. Rd1 a6 11. dxc5 Bxc5 12. Qh4 b5 13. Ne5 Bxg2 14. Nxd7 Nxd7 15. Qxd8+ Kxd8 16. Kxg2 Ke7 17. Ne4 Rc6 18. Bd2 Rhc8 19. a4 bxa4 20. Rxa4 f5 21. Nxc5 Nxc5 22. Bb4 Kf6 23. Ra3 R8c7 24. Bc3+ Kg6 25. Be5 Rd7 26. Rc1 Rd5 27. Bf4 Rb6 28. Be3 Rb5 29. b4 Ne4 30. Rxa6 Rxb4 31. Rc7 Nf6 32. Rxe6 Re4 33. Ra6 h6 34. h4 Rd8 35. h5+ Kxh5 36. Rxg7 Rxe3 37. Rxf6 Re5 38. Kh3 Rd4 39. f4 1-0

[Event "17th Mikhail Chigorin Memorial"]
[Site "Sochi URS"]
[Date "1983.??.??"]
[Round "?"]
[White "Ivkov, Borislav"]
[Black "Sokolov, Andrei"]
[WhiteElo "2460"]
[BlackElo "2450"]
[Result "1/2-1/2"]
[EventDate "1983.08.17"]
[PlyCount "62"]

1. Nf3 Nf6 2. c4 e6 3. Nc3 b6 4. d4 Bb4 5. Bd2 O-O 6. e3 d5 7. Bd3 Bb7 8. a3 Bd6 9. b4 dxc4 10. Bxc4 Nbd7 11. Nb5 a6 12. Nxd6 cxd6 13. b5 axb5 14. Bxb5 Ne4 15. Bb4 Ndf6 16. Bd3 Qd7 17. O-O Rfc8 18. Qb3 Bd5 19. Qb2 Bc4 20. Bxc4 Rxc4 21. Rfc1 Rac8 22. Nd2 Nxd2 23. Bxd2 Rxc1+ 24. Rxc1 Rxc1+ 25. Qxc1 h6 26. Qc2 d5 27. Bb4 Ne4 28. f3 Nd6 29. Bxd6 Qxd6 30. Qc8+ Qf8 31. Qa6 Qd6 1/2-1/2

[Event "17th Mikhail Chigorin Memorial"]
[Site "Sochi URS"]
[Date "1983.??.??"]
[Round "?"]
[White "Makarichev, Sergey"]
[Black "Dvoirys, Semen"]
[WhiteElo "2510"]
[BlackElo "2485"]
[Result "1/2-1/2"]
[EventDate "1983.08.17"]
[PlyCount "40"]

1. c4 e5 2. Nc3 Nc6 3. e3 Nf6 4. Nf3 Bb4 5. Qc2 Bxc3 6. Qxc3 Qe7 7. a3 d5 8. d4 exd4 9. Nxd4 Nxd4 10. Qxd4 c5 11. Qh4 O-O 12. cxd5 Nxd5 13. Qxe7 Nxe7 14. e4 Be6 15. Be3 b6 16. Bd3 Rfd8 17. O-O-O Nc6 18. Bc2 Ne5 19. f3 f6 20. Rd2 Nc4 1/2-1/2

[Event "17th Mikhail Chigorin Memorial"]
[Site "Sochi URS"]
[Date "1983.??.??"]
[Round "?"]
[White "Makarichev, Sergey"]
[Black "Romanishin, Oleg"]
[WhiteElo "2510"]
[BlackElo "2575"]
[Result "0-1"]
[EventDate "1983.08.17"]
[PlyCount "116"]

1. e4 c5 2. Nf3 e6 3. d4 cxd4 4. Nxd4 Nc6 5. Nc3 a6 6. g3 Nge7 7. Nb3 d6 8. Bg2 Bd7 9. O-O Nc8 10. a4 Be7 11. a5 O-O 12. Qe2 Bf6 13. Rd1 Qc7 14. Bd2 Ne5 15. Bf1 b5 16. axb6 Nxb6 17. Na5 Rfc8 18. Be3 Be7 19. Bd4 Be8 20. f4 Ned7 21. Qf2 Nc5 22. Bxc5 dxc5 23. Nc4 a5 24. b3 Rd8 25. e5 Nxc4 26. Bxc4 Bc6 27. Rxd8+ Rxd8 28. Rd1 Rxd1+ 29. Nxd1 Ba8 30. Ne3 a4 31. bxa4 Qc6 32. Kf1 Qxa4 33. f5 Qa1+ 34. Ke2 Qxe5 35. fxe6 fxe6 36. Qf4 Qxf4 37. gxf4 Kf7 38. f5 Kf6 39. Bxe6 Bd6 40. h3 Be4 41. c4 h5 42. Bd5 Bb1 43. Kf3 Ke5 44. Bf7 Be4+ 45. Kf2 h4 46. Bd5 Bd3 47. Ng4+ Kxf5 48. Kf3 Bg3 49. Bb7 Kg5 50. Ne3 Bf4 51. Nd1 Bg6 52. Nf2 Bh5+ 53. Ng4 Be5 54. Be4 Bd4 55. Bd3 Be8 56. Nh2 Bd7 57. Ng4 Bc6+ 58. Be4 Ba4 0-1

[Event "17th Mikhail Chigorin Memorial"]
[Site "Sochi URS"]
[Date "1983.??.??"]
[Round "?"]
[White "Makarichev, Sergey"]
[Black "Sveshnikov, Evgeny"]
[WhiteElo "2510"]
[BlackElo "2515"]
[Result "1/2-1/2"]
[EventDate "1983.08.17"]
[PlyCount "30"]

1. e4 c5 2. Nf3 Nc6 3. Bb5 e6 4. Bxc6 bxc6 5. O-O Ne7 6. b3 Ng6 7. Bb2 f6 8. e5 Be7 9. Na3 O-O 10. Nc4 Ba6 11. d3 Bxc4 12. dxc4 fxe5 13. Nxe5 Nxe5 14. Bxe5 d6 15. Bc3 Bf6 1/2-1/2

[Event "17th Mikhail Chigorin Memorial"]
[Site "Sochi URS"]
[Date "1983.??.??"]
[Round "?"]
[White "Meduna, Eduard"]
[Black "Chekhov, Valery"]
[WhiteElo "2465"]
[BlackElo "2530"]
[Result "1/2-1/2"]
[EventDate "1983.08.17"]
[PlyCount "23"]

1. d4 d5 2. c4 dxc4 3. Nf3 a6 4. a4 Nf6 5. e3 e6 6. Bxc4 c5 7. O-O Nc6 8. Nc3 Be7 9. d5 exd5 10. Nxd5 Nxd5 11. Qxd5 Qxd5 12. Bxd5 1/2-1/2

[Event "17th Mikhail Chigorin Memorial"]
[Site "Sochi URS"]
[Date "1983.??.??"]
[Round "?"]
[White "Meduna, Eduard"]
[Black "Geller, Efim"]
[WhiteElo "2465"]
[BlackElo "2550"]
[Result "1/2-1/2"]
[EventDate "1983.08.17"]
[PlyCount "60"]

1. d4 Nf6 2. c4 e6 3. Nf3 d5 4. Nc3 Be7 5. Bf4 O-O 6. e3 c5 7. dxc5 Bxc5 8. Qc2 Nc6 9. Rd1 Qa5 10. a3 Be7 11. Rd2 h6 12. cxd5 exd5 13. Be2 Be6 14. O-O Rac8 15. Rfd1 b5 16. Bxb5 Ne4 17. Nxe4 dxe4 18. Bxc6 exf3 19. Qa4 Qb6 20. Bd5 Bxd5 21. Rxd5 Qxb2 22. Qxa7 Bh4 23. g3 Bf6 24. e4 Rfe8 25. R5d2 Qb3 26. Qa6 Ra8 27. Qc6 Qxa3 28. Rd3 Qa6 29. Qxa6 Rxa6 30. e5 Rae6 1/2-1/2

[Event "17th Mikhail Chigorin Memorial"]
[Site "Sochi URS"]
[Date "1983.??.??"]
[Round "?"]
[White "Meduna, Eduard"]
[Black "Inkiov, Ventzislav"]
[WhiteElo "2465"]
[BlackElo "2500"]
[Result "1-0"]
[EventDate "1983.08.17"]
[PlyCount "89"]

1. d4 Nf6 2. c4 e6 3. Nf3 d5 4. Nc3 Be7 5. Bg5 O-O 6. e3 h6 7. Bh4 Ne4 8. Bxe7 Qxe7 9. Rc1 c6 10. Bd3 Nxc3 11. Rxc3 Nd7 12. cxd5 exd5 13. O-O Nf6 14. Ne5 Nd7 15. Nxd7 Bxd7 16. a3 a5 17. Qd2 f5 18. b4 axb4 19. axb4 b5 20. Rb1 Ra4 21. Rcc1 Rfa8 22. g3 Ra2 23. Rc2 Ra1 24. Rcb2 Qf8 25. Bc2 R1a3 26. Qd1 Kh8 27. Qf3 g5 28. Rb3 Rxb3 29. Rxb3 Ra1+ 30. Kg2 Kg7 31. Rb2 Qf6 32. Bb1 f4 33. exf4 Qxd4 34. Qe2 Qf6 35. fxg5 hxg5 36. Rb3 d4 37. Qe4 Rxb1 38. Qxb1 Be6 39. Ra3 Bd5+ 40. Kg1 Qe7 41. Ra1 Kf6 42. g4 Qe6 43. h3 Be4 44. Qb2 Qd5 45. Rd1 1-0

[Event "17th Mikhail Chigorin Memorial"]
[Site "Sochi URS"]
[Date "1983.??.??"]
[Round "?"]
[White "Meduna, Eduard"]
[Black "Sokolov, Andrei"]
[WhiteElo "2465"]
[BlackElo "2450"]
[Result "1/2-1/2"]
[EventDate "1983.08.17"]
[PlyCount "149"]

1. d4 Nf6 2. c4 e6 3. Nf3 b6 4. Bf4 Bb7 5. e3 Be7 6. h3 c5 7. dxc5 bxc5 8. Be2 O-O 9. O-O Nc6 10. Nc3 d6 11. Qc2 Nb4 12. Qd2 Qb6 13. Rfd1 Rfd8 14. a3 Nc6 15. Qc2 Rac8 16. Na4 Qa5 17. Rac1 h6 18. Nd2 Nd7 19. Nc3 a6 20. Bg3 Qc7 21. Nf3 Nde5 22. Rd2 f5 23. Rcd1 Bf6 24. Nxe5 Nxe5 25. e4 g6 26. Bf1 Qe7 27. Re1 Bg7 28. Qd1 Kh7 29. exf5 gxf5 30. Kh2 Rb8 31. Qe2 Re8 32. Red1 Rbd8 33. Kh1 Nc6 34. Rxd6 Nd4 35. Qh5 Qg5 36. Qxg5 hxg5 37. Rxd8 Rxd8 38. Bc7 Rc8 39. Bb6 Rc6 40. Na4 Nb3 41. Rd3 Nc1 42. Rd1 Nb3 43. Rd3 Nc1 44. Rd8 Bc8 45. Bxc5 Bxb2 46. Be3 Bf6 47. Rxc8 Rxc8 48. Bxc1 Bd4 49. Be3 Bxe3 50. fxe3 f4 51. exf4 gxf4 52. c5 Kg6 53. Bxa6 Rd8 54. Nc3 Ra8 55. Bd3+ Kf6 56. a4 Ke5 57. Bb5 Kd4 58. Ne2+ Ke3 59. c6 Ra7 60. Nc1 e5 61. Nd3 e4 62. Nb4 Kf2 63. Nd5 f3 64. gxf3 Rg7 65. Nf4 exf3 66. Nd3+ Ke3 67. Ne5 Kf2 68. Ng4+ Kg3 69. a5 Rg5 70. Bf1 Rxa5 71. Kg1 Rc5 72. Nf2 Rxc6 73. Ne4+ Kf4 74. Nf2 Rc2 75. Bd3 1/2-1/2

[Event "17th Mikhail Chigorin Memorial"]
[Site "Sochi URS"]
[Date "1983.??.??"]
[Round "?"]
[White "Meduna, Eduard"]
[Black "Suba, Mihai"]
[WhiteElo "2465"]
[BlackElo "2555"]
[Result "1/2-1/2"]
[EventDate "1983.08.17"]
[PlyCount "92"]

1. d4 Nf6 2. c4 e6 3. Nf3 c5 4. d5 exd5 5. cxd5 d6 6. Nc3 g6 7. Bf4 a6 8. a4 Bg7 9. e4 O-O 10. Be2 Bg4 11. O-O Bxf3 12. Bxf3 Qe7 13. a5 Nbd7 14. Qc2 Kh8 15. Ra3 Ne8 16. Be2 Bd4 17. Qd2 Ng7 18. Bg4 Ne5 19. Be2 f5 20. Kh1 Rae8 21. Ra4 Nf7 22. Bd3 g5 23. Be3 Bxe3 24. fxe3 fxe4 25. Bxe4 Ne5 26. Raa1 Ng4 27. Qe2 Nf6 28. Bc2 Qxe3 29. Qxe3 Rxe3 30. Ne4 Nge8 31. Nxg5 Rg8 32. h4 h6 33. Nh3 Rg4 34. Ra4 Rxa4 35. Bxa4 Kg7 36. Bxe8 Nxe8 37. Nf4 Nc7 38. Nh5+ Kg6 39. g4 Nxd5 40. Rd1 Rh3+ 41. Kg1 Rxh4 42. Rxd5 Rxg4+ 43. Kf2 Rb4 44. Kf3 Rxb2 45. Nf4+ Kf7 46. Rxd6 Rb5 1/2-1/2

[Event "17th Mikhail Chigorin Memorial"]
[Site "Sochi URS"]
[Date "1983.??.??"]
[Round "?"]
[White "Panchenko, Alexander"]
[Black "Makarichev, Sergey"]
[WhiteElo "2485"]
[BlackElo "2510"]
[Result "1/2-1/2"]
[EventDate "1983.08.17"]
[PlyCount "37"]

1. e4 e5 2. Nf3 Nf6 3. Nxe5 d6 4. Nf3 Nxe4 5. Qe2 Qe7 6. d3 Nf6 7. Bg5 Nbd7 8. Nc3 Qxe2+ 9. Bxe2 h6 10. Bd2 Nb6 11. O-O-O Bd7 12. Ne4 Be7 13. Rhe1 O-O-O 14. h3 Rde8 15. Bf1 Bd8 16. Nxf6 Bxf6 17. Rxe8+ Rxe8 18. Re1 Rxe1+ 19. Bxe1 1/2-1/2

[Event "17th Mikhail Chigorin Memorial"]
[Site "Sochi URS"]
[Date "1983.??.??"]
[Round "?"]
[White "Panchenko, Alexander"]
[Black "Tseshkovsky, Vitaly"]
[WhiteElo "2485"]
[BlackElo "2525"]
[Result "1/2-1/2"]
[EventDate "1983.08.17"]
[PlyCount "89"]

1. e4 c5 2. Nf3 d6 3. d4 cxd4 4. Nxd4 Nf6 5. Nc3 g6 6. Be2 Bg7 7. O-O O-O 8. Be3 Nc6 9. Qd2 Bd7 10. f4 Rc8 11. Nb3 a6 12. Bf3 Bg4 13. Qf2 Bxf3 14. Qxf3 b5 15. Rad1 Qc7 16. Rf2 Qb8 17. Nd5 a5 18. Nd4 Nxd5 19. exd5 Nxd4 20. Bxd4 Bxd4 21. Rxd4 Qb6 22. Rdd2 b4 23. h3 a4 24. Kh2 a3 25. bxa3 Rc3 26. Qe4 Rxa3 27. Qxe7 f5 28. Rfe2 Rxa2 29. Re6 Qd8 30. Rd4 Qxe7 31. Rxe7 Rf7 32. Rxf7 Kxf7 33. Rxb4 Rxc2 34. Rb7+ Kf6 35. Rd7 Rd2 36. Rxd6+ Ke7 37. Re6+ Kd7 38. Ra6 Rxd5 39. Ra7+ Ke6 40. Rxh7 Rd3 41. h4 Kf6 42. h5 gxh5 43. Rxh5 Kg6 44. Rg5+ Kf6 45. Rg8 1/2-1/2

[Event "17th Mikhail Chigorin Memorial"]
[Site "Sochi URS"]
[Date "1983.??.??"]
[Round "?"]
[White "Romanishin, Oleg"]
[Black "Chekhov, Valery"]
[WhiteElo "2575"]
[BlackElo "2530"]
[Result "1-0"]
[EventDate "1983.08.17"]
[PlyCount "84"]

1. Nf3 c5 2. g3 Nc6 3. d4 cxd4 4. Nxd4 g6 5. e4 Bg7 6. Ne2 h5 7. h3 d6 8. Bg2 Bd7 9. Nbc3 Nf6 10. Be3 Ne5 11. b3 Rc8 12. f4 Nc6 13. Qd2 Qa5 14. Rc1 Nd8 15. a4 h4 16. g4 Nxg4 17. hxg4 h3 18. Bf1 Bxg4 19. Nd5 Qxd2+ 20. Kxd2 e6 21. Ndc3 a6 22. Nd1 Bf3 23. Rxh3 Bxe4 24. Rxh8+ Bxh8 25. Nf2 Bc6 26. c4 e5 27. Nc3 Ne6 28. Nd3 f5 29. Be2 Bg7 30. Nd5 Bxd5 31. cxd5 Rxc1 32. Kxc1 Nc7 33. fxe5 dxe5 34. d6 Nd5 35. Bg5 b6 36. a5 Kd7 37. axb6 Nxb6 38. Be7 a5 39. Nc5+ Kc6 40. Na4 Bh6+ 41. Kd1 Be3 42. Nc3 Kd7 1-0